• 首页
  • 本馆介绍
  • 公告通知
  • 最新文献
  • 馆藏检索
  • 电子资源
  • 读者导购
  • 参考咨询
  • 我的图书馆
  • 登录
  • 详细信息显示
  • 放入我的书架
  • 预约/预借图书
  • 作者相关作品
  • 分类相关作品
  • 丛书相关作品
  • 出版社相关作品

书目信息

  • 表格格式
  • 工作单格式
  • 卡片格式
题名:
媒介宣传研究
    
 
作者: 伊斯特曼 , Eastman 编 ;张丽华 , 陈颖 译
分册:  
出版信息: 北京   中国传媒大学出版社  2008.04
页数: 10,286页
开本: 24cm
丛书名: 口口口媒介译丛
单 册:
中图分类: G220
科图分类:
主题词: 电视工作--传播媒介--研究 , 电视工作 , 传播媒介
电子资源:
ISBN: 978-7-81127-129-4
000 01194oam2 2200337 450
001 010030012213
005 20100325103500.53
010    @a978-7-81127-129-4@dCNY48.00
100    @a20080513d2008 em y0chiy0110 ea
101 1  @achi@ceng
102    @aCN@b110000
105    @aak z 000yy
106    @ar
200 1  @a媒介宣传研究@9mei jie xuan chuan yan jiu@f(美)苏珊·泰勒·伊斯特曼(Susan Tyler Eastman)编@g张丽华,陈颖译
210    @a北京@c中国传媒大学出版社@d2008.04
215    @a10,286页@c图@d24cm
225 2  @a口口口媒介译丛
306    @a由中国传媒大学出版社和劳瑞斯爱尔巴姆公司合作出版
330    @a本书分为关于宣传研究的介绍和研究应用于宣传二部分。其主要内容包括:宣传的定位与研究、宣传研究的结构和内容、儿童节目中的宣传活动等。
461  0 @12001 @a口口口媒介译丛@1701 0@a罗军@4主编
510 1  @aResearch in media promotion@zeng
606 0  @a电视工作@x传播媒介@x研究
606 0  @a电视工作
606 0  @a传播媒介
690    @aG220@v4
701  1 @a伊斯特曼@9yi si te man@bS.T.@4编
701  1 @aEastman@bSusan Tyler@4编
702  0 @a张丽华@9zhang li hua@4译
702  0 @a陈颖@9chen ying@4译
801  0 @aCN@bRENTIAN@c20100325
905    @b799186-90@dG220@e100@f5
    
    媒介宣传研究/(美)苏珊·泰勒·伊斯特曼(Susan Tyler Eastman)编/张丽华,陈颖译.-北京:中国传媒大学出版社,2008.04
    10,286页:图;24cm.-(口口口媒介译丛)
    
    
    ISBN 978-7-81127-129-4:CNY48.00
    本书分为关于宣传研究的介绍和研究应用于宣传二部分。其主要内容包括:宣传的定位与研究、宣传研究的结构和内容、儿童节目中的宣传活动等。
●
相关链接 在E读中查询图书 在五车中查询图书 在当当中查询图书 在豆瓣中查询图书


正题名:媒介宣传研究     索取号:G220/100         预约/预借

序号 登录号 条形码 馆藏地/架位号 状态 备注
1 799186   207991869   第一样本阅览室/ [索取号:G220/100] 在馆    
2 799187   207991878   第四借阅区/ [索取号:G220/100] 在馆    
3 799188   207991887   第四借阅区/ [索取号:G220/100] 在馆    
4 799189   207991896   第四借阅区/ [索取号:G220/100] 在馆    
5 799190   207991903   第四借阅区/ [索取号:G220/100] 在馆    
唐山师范学院图书馆 欢迎您!
大连网信软件有限公司© 版权所有